Pokémon - Les attaques de Taupiqueur - Statistiques

Statistiques générales
  • Ce quiz a été pris 18 fois
  • Le résultat moyen est 11 sur 13
Statistiques - réponses
Niveaux Types Noms des attaques % Correct
Départ Normal Griffe
100%
Niveau 40 Sol Séisme
100%
Départ Sol Jet de Sable
92%
Niveau 36 Sol Telluriforce
92%
Niveau 28 Roche Tempête de Sable
92%
Niveau 32 Sol Tunnel
92%
Niveau 44 Sol Abîme
83%
Niveau 12 Sol Coud'Boue
83%
Niveau 16 Sol Piétisol
83%
Niveau 4 Normal Rugissement
83%
Niveau 24 Normal Tranche
83%
Niveau 20 Ténèbres Coup Bas
67%
Niveau 8 Spectre Étonnement
58%
Aucun quiz correspondant
Distribution des résultats
% des personnes avec chaque résultat
Percentile par nombre de réponses
Votre historique - résultats
Vous n’avez pas pris ce quiz